Marques de cosmétiques de célébrités - Statistiques

Statistiques générales
  • Ce quiz a été pris 107 fois
  • Le résultat moyen est 4 sur 10
Statistiques - réponses
Célébrité Marque % Correct
Rihanna Fenty Beauty
91%
Selena Gomez Rare Beauty
86%
Ariana Grande R.E.M. Beauty
65%
Hailey Bieber Rhode
61%
Millie Bobby Brown Florence by Mills
46%
Kylie Jenner Kylie Cosmetics
44%
Lady Gaga Haus Labs
28%
Jennifer Lopez JLO Beauty
11%
Jessica Alba Honest Beauty
5%
Gwyneth Paltrow Goop
3%
Aucun quiz correspondant
Distribution des résultats
% des personnes avec chaque résultat
Percentile par nombre de réponses
Votre historique - résultats
Vous n’avez pas pris ce quiz